000 00363pab a2200145 454500
008 180718b2004 xxu||||| |||| 00| 0 eng d
100 _aSarvanan, Velayutham
245 _aLinking rivers: nightmare or lasting solution?
260 _c2004
300 _ap.79-88.
362 _aSep
650 _aWater resources
773 _aMan and Development
909 _a62842
999 _c62842
_d62842